00521nam a2200181Ia 450000500170000000800410001702000150005808200130007310000160008624500340010226000450013630000190018165000130020065000120021394200060022595200950023199900130032620240716052935.0240331s9999 xx 000 0 und d a0710203993 a200bPOJ aPojman, L.P 0aReligious belief and the will aLondonbRoutledge & Kegan Paul plcc1986 axiii, 258 p ., aReligion aHistory cL 001040708LaWERCLbWERCLcSSCd2024-03-31l0o 200 POJp1156r2024-03-31w2024-03-31yL c775d775